[Event "Berlin Lichtenberger op 12th"]
[Site "Berlin"]
[Date "2013.08.25"]
[Round "9"]
[White "Bernasconi, Roberto"]
[Black "Engelhardt, Erhard"]
[Result "1-0"]
[WhiteElo "1931"]
[BlackElo "1841"]
[PlyCount "57"]
[EventDate "2013.08.17"]
[EventType "swiss"]
[EventRounds "9"]
[EventCountry "GER"]
[SourceTitle "CBM 156 Extra"]
[Source "ChessBase"]
[SourceDate "2013.10.22"]
[SourceVersion "1"]
[SourceVersionDate "2013.10.22"]
[SourceQuality "1"]

1. e4 d5 2. exd5 Qxd5 3. Nc3 Qd6 4. Bc4 Nf6 5. d3 Bf5 6. Qf3 Bc8 7. Nge2 c6 8. h3 Nbd7 9. Qf4 Nb6 10. Bb3 e5 11. Qf3 Be6 12. Ng3 Be7 13. Nf5 Bxf5 14. Qxf5 0-0 15. 0-0 Rad8 16. Re1 Nfd7 17. Ne4 Qg6 18. Qxg6 hxg6 19. Bd2 Nd5 20. a3 Kh8 21. Re2 f6 22. Rae1 Nc5 23. Bc4 Nxe4 24. Rxe4 g5 25. h4 Bd6 26. hxg5 g6 27. gxf6 Nxf6 28. Rh4+ Nh5 29. g4 1-0

[Event "Como Province-ch"]
[Site "Villa Guardia"]
[Date "2013.01.20"]
[Round "2"]
[White "Longo, Giovanni"]
[Black "Bernasconi, Roberto"]
[Result "1/2-1/2"]
[WhiteElo "1661"]
[BlackElo "1964"]
[PlyCount "47"]
[EventDate "2013.01.19"]
[EventType "swiss"]
[EventRounds "6"]
[EventCountry "ITA"]
[SourceTitle "EXT 2014"]
[Source "ChessBase"]
[SourceDate "2013.11.20"]
[SourceVersion "1"]
[SourceVersionDate "2013.11.20"]
[SourceQuality "1"]

1. e4 e5 2. Nf3 Nf6 3. Nc3 Nc6 4. Bb5 Bb4 5. d3 Nd4 6. Bc4 d5 7. exd5 Bg4 8. Bg5 h6 9. Bd2 0-0 10. Ne4 Bxd2+ 11. Nexd2 Nxd5 12. c3 Nxf3+ 13. Nxf3 Nf4 14. 0-0 Qf6 15. Kh1 Rad8 16. Re1 Rfe8 17. Re4 Rd6 18. d4 Kf8 19. Be2 Qg6 20. Rxe5 Rde6 21. Qf1 Rxe5 22. dxe5 Qc2 23. Nd4 Bxe2 24. Nxc2 1/2-1/2

[Event "Villa Guardia D Oro Cup 30th"]
[Site "Villa Guardia"]
[Date "2012.11.03"]
[Round "3"]
[White "Bernasconi, Roberto"]
[Black "Grassetto, Gilberto"]
[Result "1-0"]
[WhiteElo "1954"]
[BlackElo "1861"]
[PlyCount "97"]
[EventDate "2012.11.01"]
[EventType "swiss"]
[EventRounds "6"]
[EventCountry "ITA"]
[SourceTitle "EXT 2014"]
[Source "ChessBase"]
[SourceDate "2013.11.20"]
[SourceVersion "1"]
[SourceVersionDate "2013.11.20"]
[SourceQuality "1"]

1. e4 c5 2. Nf3 d6 3. d4 cxd4 4. Nxd4 Nf6 5. Nc3 a6 6. Bg5 e6 7. f4 Be7 8. Qf3 Nbd7 9. 0-0-0 Qc7 10. g4 b5 11. Bxf6 Nxf6 12. g5 Nd7 13. f5 Bxg5+ 14. Kb1 Ne5 15. Qh5 Bf6 16. fxe6 0-0 17. exf7+ Qxf7 18. Qxf7+ Rxf7 19. Nd5 Bb7 20. Nf5 Rd8 21. Rg1 Bxd5 22. Rxd5 Nf3 23. Nh6+ Kf8 24. Nxf7 Kxf7 25. Rg2 h6 26. Rf2 Ne5 27. Be2 Ke7 28. Rf1 Rc8 29. Rfd1 Nc4 30. Bxc4 Rxc4 31. Rxd6 Rxe4 32. Rxa6 Re2 33. Rh1 g5 34. Ra7+ Ke8 35. Rh7 Kf8 36. Rxh6 Kg7 37. Rh3 Kg6 38. Rb3 Re5 39. h3 Rf5 40. Kc1 Be5 41. Kd2 Bf4+ 42. Kd3 Rd5+ 43. Ke4 Rd2 44. Rxb5 Rxc2 45. Kf3 Rd2 46. a4 Rd3+ 47. Ke4 Re3+ 48. Kd4 Re6 49. b4 1-0

[Event "Lombardia Region-ch"]
[Site "Solaro"]
[Date "2010.05.29"]
[Round "2"]
[White "Bernasconi, Roberto"]
[Black "Sbarra, Marco"]
[Result "0-1"]
[WhiteElo "1931"]
[BlackElo "2309"]
[PlyCount "94"]
[EventDate "2010.05.28"]
[EventType "swiss"]
[EventRounds "5"]
[EventCountry "ITA"]
[SourceTitle "EXT 2024"]
[Source "ChessBase"]
[SourceDate "2023.10.10"]
[SourceVersion "1"]
[SourceVersionDate "2023.10.10"]
[SourceQuality "1"]

1. e4 e5 2. Nf3 Nc6 3. Nc3 Nf6 4. Bb5 Bb4 5. 0-0 0-0 6. d3 d6 7. Bg5 Bxc3 8. bxc3 Qe7 9. Re1 Nd8 10. d4 Ne6 11. Bc1 Rd8 12. Bf1 Nf8 13. Qd3 c5 14. g3 Bg4 15. Nh4 h6 16. h3 Be6 17. a4 Qc7 18. d5 Bd7 19. c4 Ng6 20. Nxg6 fxg6 21. f4 Rf8 22. Bg2 Rae8 23. Kh2 Nh7 24. Rf1 g5 25. f5 Kf7 26. Bf3 Nf6 27. Qe2 Ke7 28. Bh5 Rb8 29. Bg6 Be8 30. Bxe8 Rbxe8 31. g4 Kd8 32. Bd2 Kc8 33. Rfb1 Kb8 34. Kg2 Qf7 35. Rf1 Rh8 36. Qf3 Reg8 37. Rab1 Qd7 38. Ra1 Ka8 39. Rh1 Qe8 40. a5 g6 41. fxg6 Qxg6 42. Rae1 Rf8 43. Qe2 h5 44. h4 gxh4 45. g5 Nh7 46. Kh2 Nxg5 47. Rhg1 Nf3+ 0-1

[Event "Lombardia Region-ch"]
[Site "Solaro"]
[Date "2010.05.28"]
[Round "1"]
[White "Marchesotti, Giovanni"]
[Black "Bernasconi, Roberto"]
[Result "0-1"]
[WhiteElo "1591"]
[BlackElo "1931"]
[PlyCount "62"]
[EventDate "2010.05.28"]
[EventType "swiss"]
[EventRounds "5"]
[EventCountry "ITA"]
[SourceTitle "EXT 2024"]
[Source "ChessBase"]
[SourceDate "2023.10.10"]
[SourceVersion "1"]
[SourceVersionDate "2023.10.10"]
[SourceQuality "1"]

1. c4 e5 2. Nc3 Nf6 3. Nf3 d6 4. g3 Be7 5. Bg2 c6 6. 0-0 0-0 7. d3 h6 8. Bd2 Na6 9. a3 Nc5 10. b4 Ne6 11. h3 Ne8 12. e3 f5 13. d4 e4 14. Ne1 d5 15. cxd5 cxd5 16. Qb3 Nf6 17. f3 b6 18. f4 Bb7 19. a4 a6 20. Nc2 Rc8 21. Na3 Qe8 22. Rfc1 Qg6 23. Ne2 Qh5 24. Qd1 g5 25. Kf2 gxf4 26. exf4 Kh7 27. Rxc8 Rxc8 28. Rc1 Rg8 29. Be1 Qg6 30. Kg1 Nh5 31. Kh2 Nhxf4 0-1